| 000 | 00363nam a2200121 i 4500 | ||
|---|---|---|---|
| 001 | 183648 | ||
| 003 | ES-MaACL | ||
| 005 | 20230906221936.0 | ||
| 008 | 140912s1880 sp |||| | spa d | ||
| 245 | 0 | 0 |
_aFray Juan Pérez de Marchena _b: recuerdo dedicado al ilustre guardián de la Rábida. |
| 260 |
_aSevilla : _b[s.n.], _c1880. |
||
| 852 |
_aES-MaACL _jT-1290-F-2 |
||
| 999 |
_c183648 _d183648 |
||